000 00298nam a22001337a 4500
008 170922b xxu||||| |||| 00| 0 eng d
020 _a9780500281093
041 _aeng
080 _24 ED
_a902
100 _a45
101 _aARK
245 _aTHE GREEKS OVEREAS
_cBOARDMAN.J
942 _2udc
_cBK
999 _c28935
_d28935